书目信息 |
| 题名: |
诡辩与逻辑名篇趣谈
|
|
| 作者: | 孙中原, 著 | |
| 分册: | ||
| 出版信息: | 北京 商务印书馆 2018.01 |
|
| 页数: | 238页 | |
| 开本: | 21cm | |
| 丛书名: | 中华优秀传统文化系列读物 | |
| 单 册: | ||
| 中图分类: | B812.5 | |
| 科图分类: | ||
| 主题词: | 诡辩--gui bian--研究--中国--古代 | |
| 电子资源: | ||
| ISBN: | 978-7-100-14669-2 | |
| 000 | 01116nam 2200277 450 | |
| 001 | CAL 0120141312122 | |
| 005 | 20181203153508.09 | |
| 010 | @a978-7-100-14669-2@b@dCNY40.00 | |
| 100 | @a20180201d2018 em y0chiy50 ea | |
| 101 | 0 | @achi |
| 102 | @aCN@b110000 | |
| 105 | @ay z 000yy | |
| 106 | @ar | |
| 200 | 1 | @a诡辩与逻辑名篇趣谈@Agui bian yu luo ji ming pian qu tan@f孙中原著@g |
| 210 | @a北京@c商务印书馆@d2018.01 | |
| 215 | @a238页@c@d21cm | |
| 225 | 2 | @a中华优秀传统文化系列读物@Azhong hua you xiu chuan tong wen hua xi lie du wu |
| 314 | @a孙中原 (1938-) , 贵州民族大学民族文化与认知科学学院兼职教授。 | |
| 330 | @a本书趣谈名家辩者惠施、公孙龙等人的诡辩故事, 说明其中对中国逻辑学产生的前导和刺激作用, 详论墨家、荀子、尹文子、吕不韦、韩非子、刘安、王充、欧阳健和鲁胜等人的逻辑名篇, 再现中国逻辑学如何在同诡辩论斗争中发展的生动过程。 | |
| 410 | 0 | @12001 @a中华优秀传统文化系列读物 |
| 606 | 0 | @a诡辩@Agui bian@x研究@y中国@z古代 |
| 690 | @aB812.5@v5 | |
| 701 | 0 | @a孙中原,@Asun zhong yuan@f1938-@4著 |
| 801 | 0 | @aCN@b人天书店@c20180201@g |
| 905 | @aBZT@dB812.5@e1 | |
| 906 | @dCNY40.00@n3@r1 | |
| 诡辩与逻辑名篇趣谈/孙中原著.-北京:商务印书馆,2018.01 |
| 238页;21cm.-(中华优秀传统文化系列读物) |
| ISBN 978-7-100-14669-2:CNY40.00 |
| 本书趣谈名家辩者惠施、公孙龙等人的诡辩故事, 说明其中对中国逻辑学产生的前导和刺激作用, 详论墨家、荀子、尹文子、吕不韦、韩非子、刘安、王充、欧阳健和鲁胜等人的逻辑名篇, 再现中国逻辑学如何在同诡辩论斗争中发展的生动过程。 |
| ● |
| 相关链接 |
|
|
|
正题名:诡辩与逻辑名篇趣谈
索取号:B812.5/1
 
预约/预借
| 序号 | 登录号 | 条形码 | 馆藏地/架位号 | 状态 | 备注 |
| 1 | 850886 | 2000850886 | 第二书库/ [索取号:B812.5/1] | 在馆 | |
| 2 | 850887 | 2000850887 | 第二书库/ [索取号:B812.5/1] | 在馆 | |
| 3 | 850888 | 2000850888 | 第二书库/ [索取号:B812.5/1] | 在馆 |